000 00580cam a22001814a 4500
020 _a0821367579
020 _a9780821367575
040 _cDLC
082 0 0 _a362 WOR 2006 A013 Or.
245 0 0 _aAIDS in South Asia
_bunderstanding and responding to a heterogeneous epidemic /
260 _aWashington, DC :
_bWorld Bank,
_cc2006.
300 _axxii, 113 p. :
_bill. ;
_c23 cm.
490 1 _aHealth, nutrition, and population series
650 0 _aAIDS (Disease)
700 1 _aMoses, Stephen A.
856 4 0 _uhttp://elibrary.worldbank.org/content/book/9780821367575
942 _cEK
999 _c13133
_d13133